000 00860nam a22002417a 4500
005 19970904051429.3
008 970904m19271929ii a 001 0aeng
010 _aENG-95766
020 _a9788178223056
_c225.00
035 _aEN-79299
037 _aDBAD/PUB
040 _aDPL
100 _aGore, Makarand Madhukar
240 _aSatyanā prayogo athavā ātmakathā.
_lEnglish
245 _aAnatomy and physiology of yogic practices
_c byMakarand Madhukar Gore
260 _aNew Delhi
_bNew Age Books
_c2008
270 _aA-44 . Narain Industrial area, Phase- I
_bNew Delhi
_e1100028
300 _a223p. ;
_c22 cm.(Pbk)
500 _aIncludes Index
942 _2ddc
_cEN
_mMAD
999 _c33510
_d33510